000 00433nam a2200205Ia 4500
001 001687
003 YMCAF
005 20230512160112.0
008 100717s1971 ||||||||||||||||| ||und|d
024 _a1687
035 _a1668
040 _aYMCAF
_beng
_cIN-KoLT
041 _aeng
082 _aPRI-BRO
100 _aBROWN R.L.
245 0 _aPRINCIPLES OF POWDER MECHANICS
260 _c1971
300 _a221
942 _2ddc
_cBK
999 _c1367
_d1367